[Event "CZE-ch Amateur"]
[Site "Hluk"]
[Date "2023.05.09"]
[Round "6"]
[White "Mayer, Josef"]
[Black "Mencik, Pavel"]
[Result "1/2-1/2"]
[WhiteElo "1889"]
[BlackElo "1720"]
[PlyCount "101"]
[EventDate "2023.05.06"]
[EventType "swiss"]
[EventRounds "9"]
[EventCountry "CZE"]
[SourceTitle "CBM 214 Extra"]
[Source "ChessBase"]
[SourceDate "2023.07.31"]
[SourceVersion "1"]
[SourceVersionDate "2023.07.31"]
[SourceQuality "1"]

1. c4 e5 2. Nc3 Bb4 3. Qb3 Bxc3 4. Qxc3 d6 5. g3 Ne7 6. Bg2 0-0 7. d3 Nbc6 8. Nf3 f6 9. b3 Be6 10. 0-0 Qd7 11. Bb2 Bh3 12. Qd2 Bxg2 13. Kxg2 Rf7 14. Ng1 Ng6 15. e3 Raf8 16. f4 f5 17. d4 exf4 18. exf4 Re8 19. d5 Nce7 20. Nf3 h6 21. Nd4 Kh7 22. Rfe1 Ng8 23. Ne6 Nf6 24. Bxf6 Rxf6 25. Qe2 Kg8 26. Qh5 Nf8 27. Nc5 Qf7 28. Qxf7+ Kxf7 29. Rxe8 Kxe8 30. Nxb7 g5 31. Re1+ Kd7 32. Na5 gxf4 33. gxf4 Ng6 34. Kf3 Ne7 35. Rg1 Rf7 36. Ke3 c6 37. dxc6+ Nxc6 38. Nxc6 Kxc6 39. Rg6 Re7+ 40. Kd3 Re4 41. b4 Rxf4 42. Rxh6 Rf3+ 43. Kc2 a5 44. c5 axb4 45. cxd6 f4 46. h4 Rh3 47. h5 f3 48. Rf6 Rxh5 49. Kb3 Rh4 50. Ka4 f2 51. Rxf2 1/2-1/2

[Event "CZE-ch Amateur"]
[Site "Hluk"]
[Date "2023.05.07"]
[Round "3"]
[White "Mencik, Pavel"]
[Black "Gawlas, Roman"]
[Result "0-1"]
[WhiteElo "1720"]
[BlackElo "2059"]
[PlyCount "102"]
[EventDate "2023.05.06"]
[EventType "swiss"]
[EventRounds "9"]
[EventCountry "CZE"]
[SourceTitle "CBM 214 Extra"]
[Source "ChessBase"]
[SourceDate "2023.07.31"]
[SourceVersion "1"]
[SourceVersionDate "2023.07.31"]
[SourceQuality "1"]

1. e4 c5 2. c3 Nf6 3. e5 Nd5 4. d4 cxd4 5. cxd4 d6 6. Nf3 e6 7. Bc4 Be7 8. 0-0 0-0 9. Nc3 Nxc3 10. bxc3 Qc7 11. Qd3 dxe5 12. Nxe5 Nc6 13. f4 Na5 14. Bb3 Nxb3 15. axb3 b6 16. Rf3 a5 17. Bd2 Ba6 18. c4 Bb7 19. Rh3 f5 20. Bc3 Bf6 21. Qe2 g6 22. Qe3 Be4 23. Ra2 Rfe8 24. Nf3 Bxf3 25. Rxf3 a4 26. Bb2 Kg7 27. Qd3 Qc6 28. d5 Qc5+ 29. Kf1 Bxb2 30. Rxb2 exd5 31. Qxd5 Qxd5 32. cxd5 a3 33. Ra2 Re4 34. g3 b5 35. Rd3 b4 36. Kf2 Kf6 37. Kf3 Ke7 38. Re3 Rxe3+ 39. Kxe3 Rc8 40. Kd4 Rc3 41. Re2+ Kd7 42. Re6 Rxb3 43. Kc4 Rb2 44. Ra6 a2 45. Ra7+ Kc8 46. d6 b3 47. Kc3 Rb1 48. d7+ Kd8 49. h4 a1Q+ 50. Rxa1 Rxa1 51. Kxb3 Kxd7 0-1

[Event "CZE-chT2D 1112"]
[Site "Czech Republic"]
[Date "2012.03.25"]
[Round "10.8"]
[White "Mencik, Pavel"]
[Black "Trhal, Michal"]
[Result "0-1"]
[WhiteElo "1558"]
[BlackElo "1999"]
[PlyCount "122"]
[EventDate "2011.10.09"]
[EventType "team-tourn"]
[EventRounds "11"]
[EventCountry "CZE"]
[SourceTitle "EXT 2013"]
[Source "ChessBase"]
[SourceDate "2012.11.22"]
[SourceVersion "1"]
[SourceVersionDate "2012.11.22"]
[SourceQuality "1"]
[WhiteTeam "Brno Duras II"]
[BlackTeam "Vysoke Myto"]
[WhiteTeamCountry "CZE"]
[BlackTeamCountry "CZE"]

1. e4 c5 2. Nf3 e6 3. d4 cxd4 4. Nxd4 a6 5. Nc3 Qc7 6. Be2 Nf6 7. a3 Nc6 8. 0-0 Be7 9. Be3 d6 10. f4 e5 11. fxe5 dxe5 12. Nf5 Bxf5 13. Rxf5 Rd8 14. Qf1 0-0 15. Bc4 Nd4 16. Bxd4 exd4 17. Nd5 Nxd5 18. Bxd5 Bc5 19. Qd3 g6 20. Rf3 Kg7 21. Raf1 f6 22. g4 Qe5 23. Bxb7 Rb8 24. Bxa6 Rxb2 25. Kh1 Bd6 26. R3f2 Ra2 27. Rb1 Rxa3 28. Qf1 Qxe4+ 29. Rg2 Rf3 30. Qb5 Rf7 31. Bb7 Qf4 32. Bxf3 Qxf3 33. Qd3 Qxd3 34. cxd3 g5 35. Rgb2 Kg6 36. Rb6 Be5 37. Kg2 Rc7 38. R6b2 Rc3 39. Rd1 h5 40. h3 hxg4 41. hxg4 Rc6 42. Kf3 f5 43. Re1 fxg4+ 44. Kxg4 Bf4 45. Re4 Be3 46. Rb3 Rf6 47. Rb8 Rf1 48. Rb6+ Kf7 49. Rb7+ Kf6 50. Rb6+ Kf7 51. Kh3 Rd1 52. Rb3 Kg6 53. Re5 Kh5 54. Re8 Rh1+ 55. Kg2 Rg1+ 56. Kh2 Rd1 57. Rf8 Kg4 58. Rb2 Bf4+ 59. Rxf4+ Kxf4 60. Rf2+ Ke3 61. Rg2 Rd2 0-1